تحميل...
Novels of Anand and Thakazhi: a thematic study /
| المؤلف الرئيسي: | |
|---|---|
| التنسيق: | Printed Book |
| اللغة: | Malayalam |
| منشور في: |
Madurai:
Harshe,
2003.
|
| الموضوعات: |
| LEADER | 00569cam a2200181ua 4500 | ||
|---|---|---|---|
| 008 | 090918t2003||||||||||| 00 ||mal c | ||
| 041 | 0 | |a mal | |
| 082 | |a 894.812 309 |b GIR/N | ||
| 100 | 0 | |a Girija, G R | |
| 245 | 1 | 0 | |a Novels of Anand and Thakazhi: a thematic study / |
| 260 | |a Madurai: |b Harshe, |c 2003. | ||
| 300 | |a 218p. | ||
| 362 | 1 | |a 2003. | |
| 365 | |a 50/- | ||
| 650 | |a Novels-criticism | ||
| 942 | |c BK | ||
| 999 | |c 21507 |d 21507 | ||
| 952 | |0 0 |1 0 |4 0 |6 894_812000000000000_309_GIR |7 0 |9 22773 |a KUCL |b KUCL |d 2014-05-23 |l 1 |o 894.812 309 GIR/ |p G1037 |r 2016-03-15 |s 2016-02-11 |w 2014-05-23 |y BK | ||